|
|
|
|
| LEADER |
01294nam a22003134a 4500 |
| 001 |
4868 |
| 003 |
BD-DhAAL |
| 005 |
20150211112711.0 |
| 008 |
150211s2003 dcua bs i001 0 eng |
| 010 |
|
|
|a 2003043294
|
| 020 |
|
|
|a 082135437X (pbk.)
|
| 040 |
|
|
|a DLC
|c DLC
|d DLC
|d BD-DhAAL
|
| 050 |
0 |
0 |
|a HD3616.D452
|b K54 2003
|
| 082 |
0 |
0 |
|a 338.9/009172/4
|2 21
|
| 100 |
1 |
|
|a Klein, Michael
|q (Michael U.)
|9 8256
|
| 245 |
1 |
4 |
|a The private sector in development :
|b entrepreneurship, regulation, and competitive disciplines /
|c Michael U. Klein, Bita Hadjimichael.
|
| 260 |
|
|
|a Washington, D.C. :
|b World Bank,
|c c2003.
|
| 300 |
|
|
|a ix, 220 p. :
|b ill. ;
|c 23 cm.
|
| 504 |
|
|
|a Includes bibliographical references (p. 171-209) and index.
|
| 541 |
|
|
|e 4868
|
| 650 |
|
0 |
|a Industrial policy
|z Developing countries.
|9 8257
|
| 650 |
|
0 |
|a Trade regulation
|z Developing countries.
|9 8258
|
| 650 |
|
0 |
|a Entrepreneurship
|z Developing countries.
|9 7151
|
| 650 |
|
0 |
|a Capitalism
|z Developing countries.
|9 8259
|
| 650 |
|
0 |
|a Competition
|z Developing countries.
|9 8260
|
| 700 |
1 |
|
|a Hadjimichael, Bita,
|d 1958-
|9 8261
|
| 942 |
|
|
|2 ddc
|c BK
|
| 999 |
|
|
|c 33658
|d 33658
|
| 952 |
|
|
|0 0
|1 0
|2 ddc
|4 0
|6 338_900917240000000_KLE
|7 0
|9 52575
|a SCL
|b SCL
|c GEN
|d 2015-02-11
|l 2
|m 4
|o 338.90091724 KLE
|p 3020004868
|r 2023-06-12
|s 2023-05-28
|t 1
|w 2015-02-11
|y BK
|